000 00287nam a22001337a 4500
008 180206b xxu||||| |||| 00| 0 eng d
020 _a653198001
041 _aeng
080 _a658
100 _a54
101 _aLID
245 _aEducating Managers
_cJohnston, J.S
942 _2udc
_cBK
999 _c41855
_d41855